| 000 | 00977nas a2200325 4500 | ||
|---|---|---|---|
| 001 | BR0304424 | ||
| 003 | BR-BrBNA | ||
| 005 | 20231205104039.0 | ||
| 007 | ta | ||
| 008 | 230509b bl.|||p| |||| 00| 00por d | ||
| 040 |
_aBR-BrBNA _bpor _cBiblioteca Nacional de Agricultura |
||
| 041 | _a(Pt) | ||
| 072 | _aL01; L02 | ||
| 100 | 1 | _aCamurça, D.A. | |
| 100 | 1 | _aNeiva, J.N.M. | |
| 100 | 1 | _aPimentel, J.C.M. | |
| 100 | 1 | _aVasconcelos, V.R. | |
| 100 | 1 | _aLôbo, R.N.B. | |
| 245 | 1 | _aDesempenho produtivo de ovinos alimentados com dietas à base de feno de gramíneas tropicais | |
| 650 | _aOVINO | ||
| 650 | _aGANHO DE PESO | ||
| 650 | _aCONFINAMENTO | ||
| 650 | _aNUTRIÇÃO ANIMAL | ||
| 650 | _aVALOR NUTRITIVO | ||
| 650 | _aGRAMÍNEA TROPICAL | ||
| 650 | _aDIETA | ||
| 773 | 0 |
_tRevista Brasileira de Zootecnia (Brazil) _xISSN 1516-3598 _g(Sep-Oct 2002), v. 31(5) p. 2113-2122 _wBR0304424 |
|
| 909 |
_a202311 _bLúcia _c55 _dLúcia Elande |
||
| 942 |
_2AGRIS _n0 _cANA |
||
| 999 |
_c176061 _d176061 |
||